Kvalita vzdelávania na vysokých školách "moderné vzdelávanie pre vedomostnú spoločnosť/Projekt je spolufinancovaný so zdrojov EÚ"

Bibliographic Details
Main Authors: Šalgovičová, Jarmila, 1950- (Author), Štefančiková, Anna (Author)
Format: Book
Language:Slovak
PhysicalDescription:191 s. sch., tab. 21 cm
Published: Trnava Univerzita sv. Cyrila a Metoda, Fakulta masmediálnej komunikácie 2012
ISBN:9788081053481
Edition:1. vyd.
Subjects:

MARC

LEADER 00000cam a2200000 a 4500
001 vtls010446358
003 SK-MaSNL
005 20260301132809.0
008 240318s2012 xo l f 000 0 slo
015 |a SNBA2013 
020 |a 9788081053481  |q (viaz.) 
035 |a EFA48537-E28F-4094-B4EC-AA79A9EB65E8 
035 |a urn:nbn:sk:snk-amjlhr 
035 |a urn:nbn:sk:snk-am002cym 
040 |a SNK  |b slo  |c SNK  |e AACR2 
041 0 |a slo 
044 |a xo  |c SK 
072 7 |a 378  |x Vysoké školy  |2 konspekt 
072 7 |a 37  |x Výchova a vzdelávanie  |2 konspekt 
080 |a 37:303.442  |2 2001 
080 |a 378  |2 2001 
080 |a 005.6  |2 2001 
080 |a (048.8)  |2 2001 
100 1 |a Šalgovičová, Jarmila,  |d 1950-  |4 aut  |9 208071 
245 1 0 |a Kvalita vzdelávania na vysokých školách  |b "moderné vzdelávanie pre vedomostnú spoločnosť/Projekt je spolufinancovaný so zdrojov EÚ"  |c Jarmila Šalgovičová, Anna Štefančiková 
250 |a 1. vyd. 
260 |a Trnava  |b Univerzita sv. Cyrila a Metoda, Fakulta masmediálnej komunikácie  |c 2012 
300 |a 191 s.  |b sch., tab.  |c 21 cm 
504 |a Bibliogr. s. 171-176 
650 0 7 |a kvalita vzdelávania  |2 SNKPH  |9 71558 
650 0 7 |a Quality of education  |2 SNKPHeng  |9 274867 
650 0 7 |a vysoké školy  |2 SNKPH  |9 1277 
650 0 7 |a Universities and colleges  |2 SNKPHeng  |9 265426 
650 0 7 |a manažment kvality  |2 SNKPH  |9 932 
650 0 7 |a Quality management  |2 SNKPHeng  |9 276990 
655 7 |a monografie  |2 SNKPH  |9 70139 
655 7 |a Monographs  |2 SNKPHeng  |9 120675 
700 1 |a Štefančiková, Anna  |4 aut  |9 335785 
710 2 |a Univerzita sv. Cyrila a Metoda v Trnave.  |b Fakulta masmediálnej komunikácie  |4 pbl  |9 53921 
852 |a Štátna vedecká knižnica v Banskej Bystrici 
919 |a 978-80-8105-348-1 
958 |a OND 
958 |a NB 
999 |c 751998  |d 753928 
952 |a SNK  |b SNK  |y PREZ  |7 0  |p 17A1048535  |o snkSC 150947  |i snk2012/17072  |8 0  |0 0  |1 0  |4 0  |d 2012-09-06  |l 0  |r 2025-07-21 00:00:00  |w 2026-02-23 
952 |a SNK  |b SNK  |y VYP  |7 0  |p 17A1048536  |o snkSC 150947 D1  |i snk2012/17074  |8 0  |0 0  |1 0  |4 0  |d 2012-09-06  |f 1  |l 0  |r 2026-02-23 23:36:07  |w 2026-02-23